| 000 | 00587nam a22001937a 4500 | ||
|---|---|---|---|
| 003 | OSt | ||
| 005 | 20140310182310.0 | ||
| 008 | 121119t xxu||||| |||| 00| 0 eng d | ||
| 020 | _a9719217707 | ||
| 050 |
_aPZ 7 _b.W549 2001 |
||
| 082 |
_aFIC _bW37 2007 |
||
| 100 |
_aWeyn, Suzanne _94629 |
||
| 245 |
_aThe crying trees : _bang mga punong umiiyak / _cMary Ann Ordinario-Floresta ; illustrated by Yasmin S. Ong. |
||
| 260 |
_aPhilippines : _bABC Educational Development Center, _c2000. |
||
| 300 |
_a30 p. ; _c25 cm. |
||
| 650 |
_aFiction _9746 |
||
| 942 |
_2lcc _cBK-FIC |
||
| 999 |
_c11675 _d11675 |
||